|
|
|
|
| LEADER |
00000nam0a2200000 4500 |
| 001 |
336006 |
| 005 |
20231102004818.0 |
| 035 |
|
|
|a (RuTPU)RU\TPU\book\362418
|
| 090 |
|
|
|a 336006
|
| 100 |
|
|
|a 20171006d1964 k y0rusy50 ca
|
| 101 |
0 |
|
|a rus
|
| 102 |
|
|
|a EE
|
| 105 |
|
|
|a y dm 001zy
|
| 200 |
1 |
|
|a Исследование состояния поверхности свинца, кадмия и висмута в процессе катодного выделения водорода
|e автореферат диссертации на соискание ученой степени кандидата химических наук
|f У. В. Пальм
|g Тартуский университет (ТУ) ; науч. рук. В. Э. Паст
|
| 210 |
|
|
|a Тарту
|c [Б. и.]
|d 1964
|
| 215 |
|
|
|a 14 с.
|
| 300 |
|
|
|a Защита сост. 9.10.1964 г.
|
| 320 |
|
|
|a Библиогр.: с. 14 (6 назв.)
|
| 606 |
1 |
|
|a Водород
|x Электрохимическое выделение
|2 stltpush
|3 (RuTPU)RU\TPU\subj\76891
|9 87664
|
| 610 |
1 |
|
|a поверхность
|
| 610 |
1 |
|
|a свинец
|
| 610 |
1 |
|
|a кадмий
|
| 610 |
1 |
|
|a висмут
|
| 610 |
1 |
|
|a катодное выделение
|
| 610 |
1 |
|
|a водород
|
| 610 |
1 |
|
|a измерения
|
| 610 |
1 |
|
|a перенапряжения
|
| 610 |
1 |
|
|a библиотека А. Г. Стромберга
|
| 610 |
1 |
|
|a авторефераты диссертаций
|
| 675 |
|
|
|a 544.65(04)
|v 4
|
| 700 |
|
1 |
|a Пальм
|b У. В.
|
| 702 |
|
1 |
|a Паст
|b В. Э.
|4 727
|
| 712 |
0 |
2 |
|a Тартуский университет (ТУ)
|2 stltpush
|3 (RuTPU)RU\TPU\col\8428
|
| 801 |
|
1 |
|a RU
|b 63413507
|c 20171006
|
| 801 |
|
2 |
|a RU
|b 63413507
|c 20180125
|g RCR
|
| 942 |
|
|
|c BK
|